书目信息 |
| 题名: |
政府律师
|
|
| 作者: | 王进喜 , 程滔 主编 | |
| 分册: | ||
| 出版信息: | 北京 北京大学出版社 2007.04 |
|
| 页数: | 175页 | |
| 开本: | 23cm | |
| 丛书名: | 法治政府丛书 | |
| 单 册: | ||
| 中图分类: | D926.5 | |
| 科图分类: | ||
| 主题词: | 国家行政机关--guo jia xing zheng ji guan--律师业务--研究--中国 | |
| 电子资源: | ||
| ISBN: | 978-7-301-11682-1 | |
| 000 | 00886nam 2200253 450 | |
| 001 | 012007069862 | |
| 005 | 20070926103904.12 | |
| 010 | @a978-7-301-11682-1@dCNY21.00 | |
| 100 | @a20070724d2007 km y0chiy0120 ea | |
| 101 | 0 | @achi |
| 102 | @aCN@b110000 | |
| 105 | @ay z 000yy | |
| 200 | 1 | @a政府律师@Azheng fu lu shi@f王进喜, 程滔主编@Fwang jin xi,cheng tao zhu bian |
| 210 | @a北京@c北京大学出版社@d2007.04 | |
| 215 | @a175页@d23cm | |
| 225 | 2 | @a法治政府丛书@Afa zhi zheng fu cong shu |
| 330 | @a本书论述了政府律师制度的理论基础、产生与发展, 政府律师的地位、职责、管理、工作原则、管理、权利和义务、业务范围等。 | |
| 410 | 0 | @12001 @a法治政府丛书 |
| 606 | 0 | @a国家行政机关@Aguo jia xing zheng ji guan@x律师业务@x研究@y中国 |
| 690 | @aD926.5@v4 | |
| 701 | 0 | @a王进喜@Awang jin xi@4主编 |
| 701 | 0 | @a程滔@Acheng tao@4主编 |
| 801 | 0 | @aCN@c20070926 |
| 905 | @dD926.5@eW237 | |
| 政府律师/王进喜, 程滔主编.-北京:北京大学出版社,2007.04 |
| 175页;23cm.-(法治政府丛书) |
| ISBN 978-7-301-11682-1:CNY21.00 |
| 本书论述了政府律师制度的理论基础、产生与发展, 政府律师的地位、职责、管理、工作原则、管理、权利和义务、业务范围等。 |
| ● |
| 相关链接 |
|
|
|
正题名:政府律师
索取号:D926.5/W237
 
预约/预借
| 序号 | 登录号 | 条形码 | 馆藏地/架位号 | 状态 | 备注 |
| 1 | 247433 | 202474330 | 社科库509/509社科库 105排1列1层/ [索取号:D926.5/W237] | 在馆 | |
| 2 | 247434 | 202474349 | 社科库509/509社科库 105排1列1层/ [索取号:D926.5/W237] | 在馆 |